Elementen van het periodiek systeem - Statistieken

Algemene statistieken
  • Deze quiz is 283 keer genomen
  • De gemiddelde score is 66 van 118
Antwoordstatistieken
Atomisch nummer Antwoord % Correct
1 Waterstof
97%
8 Zuurstof
96%
47 Zilver
95%
79 Goud
94%
2 Helium
94%
6 Koolstof
93%
12 Magnesium
91%
35 Broom
90%
19 Kalium
89%
7 Stikstof
88%
15 Fosfor
87%
5 Boor
86%
26 Ijzer
86%
20 Calcium
85%
29 Koper
85%
13 Aluminium
84%
17 Chloor
84%
9 Fluor
84%
3 Lithium
84%
11 Natrium
84%
10 Neon
84%
30 Zink
84%
56 Barium
82%
80 Kwik
82%
82 Lood
80%
25 Mangaan
79%
16 Zwavel
79%
50 Tin
78%
92 Uranium
77%
27 Kobalt
76%
53 Jodium
75%
54 Xenon
75%
4 Beryllium
74%
99 Einsteinium
71%
33 Arseen
70%
24 Chroom
70%
94 Plutonium
70%
74 Wolfraam
70%
93 Neptunium
69%
88 Radium
69%
63 Europium
68%
38 Strontium
68%
40 Zirkonium
68%
95 Americium
65%
78 Platina
65%
34 Seleen
65%
18 Argon
64%
36 Krypton
63%
28 Nikkel
63%
22 Titanium
60%
102 Nobelium
59%
86 Radon
59%
107 Bohrium
56%
32 Germanium
55%
98 Californium
54%
45 Rodium
53%
96 Curium
52%
31 Gallium
52%
14 Silicium
51%
48 Cadmium
50%
117 Tennessine
50%
103 Lawrencium
49%
55 Cesium
46%
23 Vanadium
46%
42 Molybdeen
45%
115 Moscovium
45%
46 Palladium
45%
58 Cerium
44%
110 Darmstadtium
44%
21 Scandium
44%
87 Francium
43%
39 Yttrium
43%
101 Mendelevium
42%
49 Indium
41%
84 Polonium
41%
97 Berkelium
40%
118 Oganesson
40%
37 Rubidium
40%
51 Antimoon
39%
85 Astaat
39%
65 Terbium
39%
57 Lanthaan
38%
44 Ruthenium
38%
43 Technetium
38%
76 Osmium
37%
61 Promethium
37%
68 Erbium
36%
100 Fermium
36%
64 Gadolinium
36%
71 Lutetium
36%
60 Neodymium
36%
52 Telluur
36%
90 Thorium
36%
70 Ytterbium
36%
77 Iridium
35%
41 Niobium
35%
59 Praseodymium
35%
62 Samarium
35%
73 Tantaal
35%
81 Thallium
35%
69 Thulium
35%
112 Copernicium
34%
72 Hafnium
34%
67 Holmium
34%
111 Röntgenium
34%
106 Seaborgium
34%
89 Actinium
33%
83 Bismut
33%
105 Dubnium
32%
75 Renium
32%
104 Rutherfordium
31%
91 Protactinium
30%
66 Dysprosium
29%
116 Livermorium
28%
113 Nihonium
28%
108 Hassium
27%
109 Meitnerium
27%
114 Flerovium
25%
Geen overeenkomende quizzen gevonden
Scoreverdeling
Procent van Mensen met Elke Score
Percentiel versus Aantal Correcte Antwoorden
Uw Scoregeschiedenis
U heeft deze quiz nog niet genomen